La filosofía de la historia en la edad media y la antigüedad
Guardat en:
| Autor principal: | |
|---|---|
| Format: | Llibre |
| Idioma: | espanyol |
| Publicat: |
Buenos Aires
Galatea
1958
|
| Col·lecció: | El Hombre, la Sociedad y la Historia, 4
|
| Matèries: | |
| Etiquetes: |
Afegir etiqueta
Sense etiquetes, Sigues el primer a etiquetar aquest registre!
|
MARC
| LEADER | 00000nam a2200000 a 4500 | ||
|---|---|---|---|
| 001 | UCP8539 | ||
| 003 | CL-VaPUC | ||
| 008 | 000303e19580000AG |||||||||||||||||spa|d | ||
| 082 | 0 | 4 | |a 901 |b DUJ |2 21 |
| 100 | 0 | |a Dujovne, León |e author |9 438574 | |
| 245 | 1 | 3 | |a La filosofía de la historia en la edad media y la antigüedad |
| 300 | |a 246 p | ||
| 942 | |c BK | ||
| 945 | |d 20000303 00:00:00 |a rherrera | ||
| 260 | |a Buenos Aires |b Galatea |c 1958 | ||
| 650 | 0 | |a Filosofía de la historia |9 265651 | |
| 650 | 0 | |a Edad media |9 258041 | |
| 650 | 0 | |a Antigüedad |9 335267 | |
| 650 | 0 | |a Nuevo testamento |9 257604 | |
| 583 | |a last modification |c 20000303 00:00:00 |k Rodrigo Vera | ||
| 490 | 0 | |a El Hombre, la Sociedad y la Historia, 4 | |
| 999 | |c 285431 |d 285429 | ||
| 952 | |0 0 |1 0 |4 0 |6 901_000000000000000_DUJ_1958 |7 0 |8 A |9 330054 |a BIBHIS |b BIBHIS |d 2019-11-20 |i 1392409 |l 2 |o 901 DUJ 1958 |p 1392409 |r 2025-01-20 |s 2022-03-02 |w 2019-11-20 |y BK |k HIS | ||
| 952 | |0 0 |1 0 |4 0 |6 901_000000000000000_DUJ_1958 |7 0 |8 A |9 330055 |a BIBHIS |b BIBHIS |d 2019-11-20 |i 1392417 |o 901 DUJ 1958 |p 1392417 |r 2025-01-20 |w 2019-11-20 |y BK |k HIS | ||